| 000 | 00615cam a2200217 a 4500 | ||
|---|---|---|---|
| 999 |
_c6950 _d6950 |
||
| 001 | 13989 | ||
| 003 | BD-DhUAP | ||
| 005 | 20210113155555.0 | ||
| 008 | 200310s2004 ii bd 000 0 eng d | ||
| 040 |
_aUKM _cUKM _dKKS _dGZM _dC#P _dBD-DhUAP _bEng |
||
| 082 |
_223 _a621.381 GUP |
||
| 100 | _aGupta, Sanjeeva. | ||
| 245 | 1 | 4 |
_aElectronics communications systems / _cSanjeeva Gupta. |
| 250 | _a2nd ed. | ||
| 260 |
_aDelhi : _bKhanna, _c2004. |
||
| 300 |
_aviii, 796 pages ; _c22 cm. |
||
| 650 | _aTelecommunication. | ||
| 650 | _aData transmission systems. | ||
| 650 | _aTelecommunication systems. | ||
| 942 |
_2ddc _cBK |
||